Liste des orléanistes - Statistiques

Statistiques générales
  • Ce quiz a été pris 3 fois
  • Le résultat moyen est 7 sur 16
Statistiques - réponses
Par images Réponse % Correct
Adolphe Thiers
100%
Louis Philippe
100%
Francois Guizot
67%
Albert de Broglie
33%
Armand Mackau
33%
Charles de Morny
33%
Ernest de Cissey
33%
Ferdinand d'Orléans
33%
Henri d'Orléans
33%
Jean Casimir Perrier
33%
Louis d'Orléans
33%
Louis Lamoricière
33%
Louis Philippe Albert d'Orléans
33%
Mathieu Molé
33%
Philippe de Rohan Chabot
33%
Thomas Bugeaud
33%
Aucun quiz correspondant
Distribution des résultats
% des personnes avec chaque résultat
Percentile par nombre de réponses
Votre historique - résultats
Vous n’avez pas pris ce quiz